000 00352 a2200157 4500
001 150784
040 _cEscola São Tomás de Aquino
100 _aBRANCO, Samuel Murgel
240 1 0 _aO ambiente da floresta
_lpor
245 1 0 _aO ambiente da floresta
300 _a63
362 0 _a1999
440 1 _aModerna
697 _aCIÊNCIAS
942 _cBK
999 _c150784
_d150784